Представление документа в формате RUSMARC

ПолеНазваниеЗначение
  Тип записи a
  Библиографический уровень m
001 Контрольный номер RU/CBS_UL/BASE/90c0439e36a64725b6147850223061a7
005 Дата корректировки 20251030163521.5
010 Индекс ISBN __
d Цена 80 к.
9 Тираж 19 000 экз.
a ISBN 5-7088-0143-3
b Уточнения в пер.
100 Данные общей обработки __
a Данные общей обработки 20251030d 0rusy0189## ca
101 Язык документа 0_
a Язык текста rus
102 Страна публикации __
a Страна публикации RU
200 Заглавие и сведения об ответственности 1_
a Заглавие Швейные машины трикотажного и текстильно-галантерейного производств
f Первые сведения об ответственности Л. Б. Рейбарх, Л. П. Рейбарх, Н. А. Дремалин
210 Выходные данные 1_
a Место издания Москва
c Издательство Легпромбытиздат
d Дата издания 1989
215 Физическое описание __
a Объем 239, [1] с.
d Формат 22 см.
c Иллюстрации/тип воспроизводства ил.
300 Общие примечания __
a Общие примечания 16+
300 Общие примечания __
a Общие примечания Под инв. номером 31203: Ц-1, 17-1, 18-1
606 Тематические рубрики 0_
a Основная рубрика Швейные машины
610 Ключевые слова 0_
a Ключевые слова машины швейные; производство швейное; пошив одежды
686 Индексы других классификаций __
2 Код системы rubbk
a Классификационный индекс 37.24-5
700 Автор _1
a Фамилия Рейбарх
b Имя (инициалы) Л. Б.
g Полное личное имя Лев Борисович
701 Альтернативная интеллектуальная ответственность _1
a Фамилия Рейбарх
b Имя (инициалы) Л. П.
701 Альтернативная интеллектуальная ответственность _1
a Фамилия Дремалин
b Имя (инициалы) Н. А.
801 Источник записи _0
a Страна RU
b Организация МБУК ЦБС г. Ульяновска
c Дата составления 20251030
g Правила каталогизации RCR
801 Источник записи _1
a Страна RU
b Организация МБУК ЦБС г. Ульяновска
c Дата составления 20251030
g Правила каталогизации RCR
852 Данные о местонахождении __
i Авторский знак Р 35
j Шифр хранения 37.24
901 Тип документа __
t Тип документа m
909 Создатель записи __
a Создатель записи obr4
b Дата создания записи 20251030